000 00765nam a22002177a 4500
003 OSt
005 20171220134011.0
008 171220|---- spc|||||||||||||| ||cat|d
017 _aDL B 18029-2017
_bBiblioteca de Catalunya
020 _a9788494675317
040 _aES-BaURL
_bcat
_cCDMR
100 1 _aJulibert, Joan,
245 1 3 _aLa causa del periodisme
_b: la veritat sobre la construcció del relat en els mitjans de comunicació /
_cJoan Julibert
260 _aBarcelona :
_bSaldonar,
_c2017
300 _a334 pàgines ;
_c21 cm
500 _aBibliografia
650 0 7 _aMitjans de comunicació de massa
_xObjectivitat
_2lemac
_9405
650 0 7 _aPeriodisme
_xInnovacions tecnològiques
_2lemac
_92272
650 0 7 _aÈtica periodística
_2lemac
_9983
942 _cMON
999 _c7092
_d7092